El Caldero electoral ya está hirviendo /

Uloženo v:
Podrobná bibliografie
Hlavní autor: Sarsanedas, Jorge
Médium: Text
Témata:
Tagy: Přidat tag
Žádné tagy, Buďte první, kdo vytvoří štítek k tomuto záznamu!

MARC

LEADER 00000 a a2200000 04500
001 7065
003
040
100 |a Sarsanedas, Jorge  
245 |a El Caldero electoral ya está hirviendo /  |c Jorge Sarsanedas 
650 |a ELECCIONES  
650 |a PARTIDOS POLITICOS  
650 |a ENCUESTAS  
650 |a ORGANIZACIONES POPULARES  
773 |g volumen 13, número 145; páginas 28-31  
999 |c 22537  |d 22537